000 00717npc a2200217Ia 4500
001 dp5/11-28716 [d000003395]
003 IT-MiCISF
008 161014s9999||||xx | und||
040 _aIT-MiCISF
_cIT-MiCISF
041 _ait
100 _aBuzzi Giuseppe
245 0 _aSe questo รจ un uomo... il valore dell'ascolto
_bAtti del convegno, Monza, 17 ottobre 1998
250 _a1a ed.
260 _aMilano
_c1998
300 _app. 64
500 _aDe Nicola C., Grosso M.I., Martini C.M., Piattoni F., Saita L., Stucchi C., Salvioni A. / malato-terminale, cure-palliative, pastorale, morte, operatori-pastorali /
650 _amorte
700 _aAA.VV.
942 _cDD
957 _71
999 _a28716
_bsi
_g1
_c206630
_d206630